LEADER 01407nam a2200313 a 4500 001 000000137534 003 CaOOAMICUS 005 20140226132120.0 008 140226s2005 it d u000 u ita r 020 $a88-430-3727-7 040 $aPUL$bita 082 04$a791.45 245 00$aSpeciale TV :$bla missione sociale della televisione /$ca cura di Pietro Damosso ; postfazione di Luigi Bobba. 260 $aRoma :$bCarocci,$c©2005. 300 $a151 p. ;$c23 cm 490 1 $aBiblioteca di testi e studi.$aScienze della comunicazione ;$v345 504 $aInclude riferimenti bibliografici ed indice. 650 4$aTelevisione$xAspetti sociali.$0(OLS)http://pul/subject/39672 700 1 $aDamosso, Piero.$0(OLS)http://pul/name/2922 700 1 $aBobba, Luigi.$0(OLS)http://pul/name/83987 830 0$aBiblioteca di testi e studi.$pScienze della comunicazione ;$v345.$0(OLS)http://pul/title/151568 850 $aPUL 852 $aPUL$W1$xSL Cons. Gen., Altre Classi 3$y75$m791. 45 DAMLU 1$j158548$qDDC 21$B158062$CPULBib$Z2$F158062 $H102369 $82 941 1 $a9 996 $6020$a88-430-3727-7$9(OLS)http://pul/number/154626 996 $6082$a791.45$9(OLS)http://pul/classification/1801 996 $6245$aSpeciale TV :$bla missione sociale della televisione$9(OLS)http://pul/title/174125 996 $6260$aRoma :$bCarocci$9(OLS)http://pul/publisher/66917 LEADER 01295nam a2200325 a 4500 001 000000139081 003 CaOOAMICUS 005 20140707105239.0 008 140707s2002 it u000 u ita r 020 $a978-88-424-2069-9 040 $aPUL$bita 041 1 $aita$hpol 082 04$a149 100 1 $aBauman, Zygmunt,$d1925-2017.$0(OLS)http://pul/name/31901 240 10$aPonowoczesnosc. Jako zrodlo cierpien.$lItaliano.$0(OLS)http://pul/title/176092 245 13$aIl disagio della postmodernitą /$cZygmunt Bauman. 260 $aMilano :$bBruno Mondadori,$c©2002. 300 $aXII, 274 p. ;$c22 cm 490 1 $aEconomica ;$v60 504 $aBibliografia in nota. 650 4$aPostmodernitą.$0(OLS)http://pul/subject/40626 830 0$aEconomica (Bruno Mondadori) ;$v60.$0(OLS)http://pul/title/131978 850 $aPUL 852 $aPUL$W1$xSL Filosofia 3$y81$m149 BAUZY 1$j160652$qDDC 21$q $B160061$CPULBib$Z2$F160061 $H124319 $81 941 1 $a9 996 $6020$a978-88-424-2069-9$9(OLS)http://pul/number/155658 996 $6082$a149$9(OLS)http://pul/classification/147 996 $6245$aIl disagio della postmodernitą$9(OLS)http://pul/title/176093 996 $6260$aMilano :$bBruno Mondadori$9(OLS)http://pul/publisher/60338